000 00425pam a2200169 a 4500
020 _c
041 _h
082 _a005.13
_bWYK/THO
100 _aWYKE R.A. AND THOMAS D.
245 _aPERL A BEGINNERS GUIDE/
_hTextual Documents
250 _a01-01-2001.
260 _bTATA MC GRAW HILL INT. NEW DELHI
300 _aXXII/474
500 _a4886
653 _aPROGRAMMING PARADIGMS and METHODOLOGY (S.E.)
930 _a4479
999 _c47704
_d47704